000 00939nam a2200277 a 4500
001 000043232
003 DO-SdBNP
005 20180326142010.0
007 000043232
008 140226s2014 dr a 000 0 spa d
020 _a9591310668
040 _aBPMET
_bspa
_cBPMET
092 _a305.2355
_bC355q
100 1 _aCastro Espín, Mariela
245 1 0 _a¿Qué nos pasa en la pubertad? /
_cMariela Castro Espín ; ilustraciones Luis Ernesto González González.
260 _aSanto Domingo :
_bBúho,
_c2014
300 _axi, 130 p. :
_bil. ;
_c21 cm.
650 4 _aADOLESCENCIA
_xASPECTOS SOCIALES
650 4 _aRELACIONES INTERPERSONALES EN LA ADOLESCENCIA
650 4 _aRESPONSABILIDAD EN LA ADOLESCENCIA
700 1 2 _aGonzález González, Luis Ernesto,
_eil.
910 _aValidado. Control de calidad EMS
942 _2ddc
_cBK
945 _aRemanejado para la BNPHU / 2018 VM
956 _aVMATEO
_b10
_c20150424
_lBPMSU
_h00151
999 _c7693
_d7693